| 000 | 00597nam a22002297a 4500 | ||
|---|---|---|---|
| 001 | 14367 | ||
| 003 | BD-JhCC | ||
| 005 | 20250729123245.0 | ||
| 008 | 250729b |||||||| |||| 00| 0 eng d | ||
| 020 | _a9780141398310 | ||
| 035 | _a(BD-JhCC) 14367 | ||
| 040 |
_aBD-JhCC _dBD-JhCC |
||
| 041 | _aeng | ||
| 082 |
_223 _a821.08 _bHAR |
||
| 100 | _aHardy,Thomas | ||
| 245 |
_aWoman much missed / _cThomas Hardy |
||
| 260 |
_aIndia: _bPenguin Classics, _c2015 |
||
| 300 |
_a55 p.; _c16 cm. |
||
| 490 |
_aPenguin Little Black Classics, _v14 |
||
| 650 |
_aEnglish Fiction _vPoetry |
||
| 942 |
_2ddc _cBK |
||
| 999 |
_c14367 _d14367 |
||